| 000 | 00688nam a22002057a 4500 | ||
|---|---|---|---|
| 003 | OSt | ||
| 005 | 20250807075109.0 | ||
| 008 | 240510b |||||||| |||| 00| 0 eng d | ||
| 020 | _a978131651337 | ||
| 040 |
_aDWC-Main-Lib _cOC |
||
| 082 | _aCirc. 153 B516i 2020 | ||
| 100 | _aBermudez, Jose Luis | ||
| 245 |
_aAn introduction to the science of the mind: cognitive science/ _cJose Luis Bermudez |
||
| 250 | _aFourth edition | ||
| 260 |
_aN. Y : _bCambridge University Press, _cc2020. |
||
| 300 |
_axii, 385 pages : _b(some) color illustrations, _c28cm. |
||
| 504 | _aIncludes bibliographical references and index. | ||
| 650 | _a1. Cognitive neuroscience. | ||
| 942 |
_2ddc _cBK-CIRC _n0 _kCirc. |
||
| 999 |
_c23 _d23 |
||